Greedy Gus the pirate / (Record no. 3053)

MARC details
000 -LEADER
fixed length control field 01041nam a22002897a 4500
001 - CONTROL NUMBER
control field 3053
003 - CONTROL NUMBER IDENTIFIER
control field FISKH
005 - DATE AND TIME OF LATEST TRANSACTION
control field 20240201131852.0
008 - FIXED-LENGTH DATA ELEMENTS--GENERAL INFORMATION
fixed length control field 240201b cb ||||| |||| 00| 0 eng d
020 ## - INTERNATIONAL STANDARD BOOK NUMBER
International Standard Book Number 9781877363740
040 ## - CATALOGING SOURCE
Original cataloging agency FISKH
Language of cataloging eng
Transcribing agency FISKH
Modifying agency FISKH
050 ## - LIBRARY OF CONGRESS CALL NUMBER
Classification number PZ7.H6893
082 ## - DEWEY DECIMAL CLASSIFICATION NUMBER
Classification number 428.6
100 ## - MAIN ENTRY--PERSONAL NAME
Personal name Holden, Pam
245 ## - TITLE STATEMENT
Title Greedy Gus the pirate /
Statement of responsibility, etc. by Holden, Pam : illustrated by Whimp, Pauline
250 ## - EDITION STATEMENT
Edition statement First published in 2005
260 ## - PUBLICATION, DISTRIBUTION, ETC.
Place of publication, distribution, etc. Wellington :
Name of publisher, distributor, etc. Flying Start Books ,
Date of publication, distribution, etc. 2005
300 ## - PHYSICAL DESCRIPTION
Extent 16 pages :
Other physical details color illustrations ;
Dimensions 21 cm .
490 ## - SERIES STATEMENT
Series statement Red Rocket Readers
505 ## - FORMATTED CONTENTS NOTE
Formatted contents note O <br/>
520 ## - SUMMARY, ETC.
Summary, etc. This story is about some bad pirates who were very greedy. They always wanted more money and more food. Some clever animals thought of a good way to teach them a lesson. What do you think the animals did to the greedy pirates?
521 8# - TARGET AUDIENCE NOTE
Target audience note 640 <br/>
Source Lexile <br/>
521 8# - TARGET AUDIENCE NOTE
Target audience note O <br/>
Source Raz-Plus <br/>
600 ## - SUBJECT ADDED ENTRY--PERSONAL NAME
Source of heading or term pirate
Form subdivision non-fiction
700 ## - ADDED ENTRY--PERSONAL NAME
Personal name Whimp, Pam
Relator term illustrator
942 ## - ADDED ENTRY ELEMENTS (KOHA)
Source of classification or shelving scheme Dewey Decimal Classification
Koha item type Books
Suppress in OPAC No
Holdings
Withdrawn status Lost status Source of classification or shelving scheme Damaged status Not for loan Collection Home library Current library Shelving location Date acquired Total Checkouts Full call number Barcode Date last seen Price effective from Koha item type
    Dewey Decimal Classification     Non-Fiction Footprints International School Library Network Toul Kork Campus Footprints International School Library Network Toul Kork Campus   02/01/2024   HOL 428.6 PZ7.H6893 FISTK04141 09/25/2024 02/01/2024 Books